00555nam a2200145Ia 4500003000900000008004100009020002600050040001600076100002200092245010700114260003200221300002000253490003300273856010300306IN-BaIIA211028s9999 xx s 000 0 eng d a9780819437556 (Print) cIIA Library aYin, Shizhuo, ed. 0aPhotorefractive Fiber and Crystal Devices: Materials, Optical Properties, and Applications VIh[eBook] aWashington, USAbSPIEc2000 aOnline resource aProceedings of SPIE; V. 4110 uhttps://www.spiedigitallibrary.org/conference-proceedings-of-spie/4110yClick Here to Access eBook